01375cam a22003734i 4500003000900000005001700009008004100026035001900067040003300086082001700119100003800136245012900174264006300303300002800366336002100394337002500415338002300440504002800463505034800491526000900839526000900848526000900857526000900866526000900875526000900884526000800893526000800901526000800909526000800917526000800925526000800933650003200941650002800973PE-LiUPU20250731184542.0150623s r 000 0 d a(Sirsi) a25970 aPE-LiUPUbspacPE-LiUPUerda04a901bM772211 aMontgomery, John Warwick,eautor.10aWhere is history going? :bessays in support of the historical truth of the christian revelation /cJohn Warwick Montgomery. 1aMinneapolis, Minnesota :bBethany House Publishers,c1969. a250 páginas ;c21 cm. atext2rdacontent aunmediated2rdamedia avolume2rdacarrier aIncluye bibliografía.0 aWhere is history going?. Jesus christ and history: part. I. Jesus christ and history: part II. The christian church in McNeill's rise of the west. Karl Barth and contemporary theology of history. Tillich´s philosophy of history. Gordon clark's historical philosophy. Toward a christian philosophy of history. Afterword: Church history today. aP136 aP135 aP134 aP133 aP144 aP143 aP87 aP35 aP20 aP14 aP10 aP0604aFilosofía de la historia.04aHistoriaxCristianismo.